000 00229nam a22000857a 4500
008 160711b xxu||||| |||| 00| 0 eng d
100 _92530
_aCBSE
245 _aLife Skills Class-VII
_bA Teacher's Manual
260 _aNew Delhi
_bCBSE
_c2013
999 _c2197
_d2197